00372 a2200109 4500001001000000005001700010008004100027245008500068100002600153773006600179999001700245ART_1918320260410161921.0260409a 10aEl impuesto a la producción agropecuaria. Algunos problemas en su aplicación1 aTarantino, Jacinto R.0 tLa informacióng- Tomo XXXIX, Nº 592 (abr. 1979)wREV14902 c27691d27691